Filmographie Brian De Palma - Statistiques

Statistiques générales
  • Ce quiz a été pris 51 fois
  • Le résultat moyen est 11 sur 30
Statistiques - réponses
Année Films % Correct
1983 Scarface
82%
1993 L'Impasse
74%
1981 Blow Out
69%
1976 Carrie au bal du diable
62%
1974 Phantom of the Paradise
59%
1987 Les Incorruptibles
54%
1984 Body Double
49%
1980 Pulsions
49%
1998 Snake Eyes
46%
2000 Mission to Mars
44%
1996 Mission impossible
41%
2006 Le Dahlia noir
36%
1976 Obsession
36%
1989 Outrages
36%
2012 Passion
36%
1973 Sœurs de sang
33%
2019 Domino : La Guerre silencieuse
31%
2002 Femme fatale
31%
1978 Furie
28%
1992 L'Esprit de Caïn
28%
2007 Redacted
26%
1970 Hi, Mom!
23%
1990 Le Bûcher des vanités
18%
1986 Mafia Salad
15%
1972 Get to Know Your Rabbit
10%
1968 Greetings
10%
1980 Home Movies
10%
1969(premier long-métrage de De Palma) The Wedding Party
8%
1970 Dionysus in '69
5%
1968 Meurtre à la mode
5%
Aucun quiz correspondant
Distribution des résultats
% des personnes avec chaque résultat
Percentile par nombre de réponses
Votre historique - résultats
Vous n’avez pas pris ce quiz